Statistics for Neutral European Countries of WWII

Click here to take the quiz!

General Stats

  • This quiz has been taken 25,917 times
    (25,780 since last reset)
  • The average score is 7 of 8

Answer Stats

Country % Correct
Switzerland
97%
Sweden
91%
Portugal
87%
Spain
84%
Andorra
77%
Ireland
77%
Vatican City
76%
Liechtenstein
74%

Score Distribution

Percentile by Number Answered

Percent of People with Each Score

Your Score History

You have not taken this quiz since the last reset